000 00427nam a2200181Ia 4500
001 895
005 20260306140551.0
008 260306t1957||||xx |||||||||||||| ||spa||
041 _aESP
082 _a172
_bR96
100 _aRussell, Bertrand
_eAUT
245 0 _aÉtica y política en la sociedad humana
260 _c1957
300 _a247 páginas :
_c21 cm.
650 _aGEN
654 _aCHU
942 _cLIB
_dJUS
_fJUS
_2ddc
_n
999 _c895
_d895